Thinking creatively at work : (Record no. 14690)

MARC details
000 -LEADER
fixed length control field 00997nam a22002777a 4500
001 - CONTROL NUMBER
control field ENG-90644
005 - DATE AND TIME OF LATEST TRANSACTION
control field 20080530131038.0
008 - FIXED-LENGTH DATA ELEMENTS--GENERAL INFORMATION
fixed length control field 080730t xxu||||| |||| 00| 0 eng d
010 ## - LIBRARY OF CONGRESS CONTROL NUMBER
LC control number ENG-90644
020 ## - INTERNATIONAL STANDARD BOOK NUMBER
International Standard Book Number 9788178298535 (paper back)
Terms of availability 320.00
035 ## - SYSTEM CONTROL NUMBER
System control number EN-74177
037 ## - SOURCE OF ACQUISITION
Source of stock number/acquisition DBAD / PUB
040 ## - CATALOGING SOURCE
Original cataloging agency DPL
082 ## - DEWEY DECIMAL CLASSIFICATION NUMBER
Classification number 153.35
100 ## - MAIN ENTRY--PERSONAL NAME
Personal name D'Cruz, Premilla.
245 ## - TITLE STATEMENT
Title Thinking creatively at work :
Remainder of title a sourcebook /
Statement of responsibility, etc by Premilla D'Cruz.
260 ## - PUBLICATION, DISTRIBUTION, ETC. (IMPRINT)
Place of publication, distribution, etc New Delhi :
Name of publisher, distributor, etc Response Books,
Date of publication, distribution, etc 2008.
300 ## - PHYSICAL DESCRIPTION
Extent 220p.
Dimensions 21 cm.(pbk)
500 ## - GENERAL NOTE
General note Includes bibliographical references.
650 ## - SUBJECT ADDED ENTRY--TOPICAL TERM
Topical term or geographic name as entry element Creative ability in business.
650 ## - SUBJECT ADDED ENTRY--TOPICAL TERM
Topical term or geographic name as entry element Creative thinking.
650 ## - SUBJECT ADDED ENTRY--TOPICAL TERM
Topical term or geographic name as entry element Creative ability.
942 ## - ADDED ENTRY ELEMENTS (KOHA)
Source of classification or shelving scheme Dewey Decimal Classification
Koha item type English Books
Classification part 153.35
Call number suffix DCR
Holdings
Withdrawn status Lost status Damaged status Not for loan Collection code Home library Current library Date acquired Source of acquisition Cost, normal purchase price Total Checkouts Full call number Barcode Date last seen Copy number Cost, replacement price Price effective from Koha item type
      Not For Loan Non-fiction D.B.Act.Division D.B.Act.Division 30/07/2008 DBAD / PUB 320.00   153.35 DCR EN-74177 15/09/2008 1 320.00 15/09/2008 English Books

© Delhi Public Library
Hit Counter
free hit counter